Statistics for Countries by Hints

Click here to take the quiz!

General Stats

  • This quiz has been taken 177 times
  • The average score is 13 of 15

Answer Stats

Hints Answer % Correct
This country is shaped like a boot.Italy
100%
This is the biggest country in the worldRussia
99%
Famous for tacosMexico
98%
Has 50 statesUnited States of America
97%
The Pyramids are thereEgypt
97%
One of the Scandivanian countries and the Nobel Prize was thereSweden
94%
The smallest country in the worldVatican City
94%
Where the famous Neuschwanstein isGermany
92%
This country links North America and South AmericaPanama
92%
Nearly ruled a quarter of the world in the beginning of the 19th centuryUnited Kingdom
90%
Is extremely rich and has the highest tower in the worldUnited Arab Emirates
88%
Where Macchu Picchu isPeru
88%
Has the biggest lake in Central AmericaNicaragua
76%
Biggest landlocked countryKazakhstan
68%
A very small doubly landlocked countryLiechtenstein
60%

Score Distribution

Percentile by Number Answered

Percent of People with Each Score

Your Score History

You have not taken this quiz